[Event "SB-2022-0-00636"]
[Site "LSS email"]
[Date "2022.07.10"]
[Round "?"]
[White "Shchebenyuk, Nina"]
[Black "Neighbors, Teddy"]
[Result "1-0"]
[WhiteElo "1830"]
[BlackElo "1880"]
[PlyCount "27"]
[EventDate "2022.03.07"]
[EventType "tourn (corr)"]
[EventRounds "6"]
[EventCountry "GER"]
[SourceTitle "Corr 2024"]
[Source "ChessBase"]
[SourceDate "2023.10.19"]
[SourceVersion "1"]
[SourceVersionDate "2023.10.19"]
[SourceQuality "1"]

1. e4 c5 2. Nf3 Nc6 3. Bc4 e6 4. d4 cxd4 5. Nxd4 Nf6 6. Nc3 Bb4 7. 0-0 Bxc3 8. bxc3 Nxe4 9. Bd3 d5 10. Ba3 Qa5 11. Qc1 Bd7 12. Rb1 Nxd4 13. cxd4 Bc6 14. f3 1-0

[Event "SB-2022-0-00636"]
[Site "LSS email"]
[Date "2022.07.08"]
[Round "?"]
[White "Neighbors, Teddy"]
[Black "Cleto Junior, Dirceu"]
[Result "0-1"]
[WhiteElo "1880"]
[BlackElo "1933"]
[PlyCount "32"]
[EventDate "2022.03.07"]
[EventType "tourn (corr)"]
[EventRounds "6"]
[EventCountry "GER"]
[SourceTitle "Corr 2024"]
[Source "ChessBase"]
[SourceDate "2023.10.19"]
[SourceVersion "1"]
[SourceVersionDate "2023.10.19"]
[SourceQuality "1"]

1. d4 Nf6 2. c4 c5 3. d5 b5 4. Nf3 Bb7 5. Nc3 b4 6. Qb3 Qa5 7. Nd1 d6 8. Bf4 e5 9. Bd2 e4 10. Qe3 Qa6 11. b3 Be7 12. Ng5 0-0 13. Bc1 Qb6 14. Bb2 a5 15. Nxe4 Nbd7 16. Ng3 Rfb8 0-1

[Event "SB-2022-0-00636"]
[Site "LSS email"]
[Date "2022.07.08"]
[Round "?"]
[White "Neighbors, Teddy"]
[Black "Knoeppel, Bjoern"]
[Result "0-1"]
[WhiteElo "1880"]
[BlackElo "1972"]
[PlyCount "28"]
[EventDate "2022.03.07"]
[EventType "tourn (corr)"]
[EventRounds "6"]
[EventCountry "GER"]
[SourceTitle "Corr 2024"]
[Source "ChessBase"]
[SourceDate "2023.10.19"]
[SourceVersion "1"]
[SourceVersionDate "2023.10.19"]
[SourceQuality "1"]

1. e4 e5 2. Nf3 Nf6 3. Nxe5 d6 4. Nf3 Nxe4 5. d4 d5 6. Bd3 Bd6 7. 0-0 0-0 8. c4 c6 9. Re1 Bf5 10. Nc3 Nxc3 11. bxc3 Bxd3 12. Qxd3 dxc4 13. Qxc4 Nd7 14. Qd3 h6 0-1

[Event "LSS No Engine Cup 106 Preliminary 0"]
[Site "LSS email"]
[Date "2014.03.04"]
[Round "?"]
[White "Neighbors, Teddy"]
[Black "Yangibayev, N."]
[Result "1-0"]
[WhiteElo "1600"]
[BlackElo "1006"]
[PlyCount "35"]
[EventDate "2014.03.05"]
[EventType "tourn (corr)"]
[EventRounds "6"]
[EventCountry "GER"]
[SourceTitle "Corr 2022"]
[Source "ChessBase"]
[SourceDate "2021.10.24"]
[SourceVersion "1"]
[SourceVersionDate "2021.10.24"]
[SourceQuality "1"]

1. c4 Nf6 2. Nc3 b6 3. e4 Bb7 4. d3 Nc6 5. f4 e5 6. Nf3 Bb4 7. fxe5 Ng4 8. d4 d6 9. h3 Nh6 10. Bg5 Qd7 11. exd6 Bxd6 12. d5 Bg3+ 13. Kd2 Ne5 14. Kc2 f6 15. Bxh6 gxh6 16. Be2 0-0-0 17. Nxe5 Bxe5 18. Bg4 1-0

[Event "OP-2014-0-03275"]
[Site "LSS email"]
[Date "2014.02.10"]
[Round "?"]
[White "Neighbors, Teddy"]
[Black "Schalkwijk, Peter H"]
[Result "1-0"]
[WhiteElo "1828"]
[BlackElo "1482"]
[PlyCount "39"]
[EventDate "2014.01.30"]
[EventType "tourn (corr)"]
[EventRounds "4"]
[EventCountry "GER"]
[SourceTitle "Telechess CBM 167"]
[Source "ChessBase"]
[SourceDate "2015.07.13"]
[SourceVersion "1"]
[SourceVersionDate "2015.07.13"]
[SourceQuality "1"]

1. e4 d6 2. d4 Nf6 3. Nc3 Nbd7 4. f4 e5 5. Nf3 exd4 6. Qxd4 c6 7. Be3 Nc5 8. 0-0-0 Be7 9. e5 Ne6 10. Qa4 Ng4 11. exd6 Bxd6 12. Ne4 Nxe3 13. Nxd6+ Kf8 14. Rd2 Qe7 15. g3 g6 16. Qa3 Nf5 17. Qc3 f6 18. Nxc8 Rxc8 19. Bc4 b5 20. Rd7 1-0

[Event "OP-2014-0-03275"]
[Site "LSS email"]
[Date "2014.02.03"]
[Round "?"]
[White "Lenz, Juergen"]
[Black "Neighbors, Teddy"]
[Result "0-1"]
[WhiteElo "1087"]
[BlackElo "1828"]
[PlyCount "52"]
[EventDate "2014.01.30"]
[EventType "tourn (corr)"]
[EventRounds "4"]
[EventCountry "GER"]
[SourceTitle "Telechess CBM 167"]
[Source "ChessBase"]
[SourceDate "2015.07.13"]
[SourceVersion "1"]
[SourceVersionDate "2015.07.13"]
[SourceQuality "1"]

1. d4 Nf6 2. Nf3 g6 3. Bf4 Bg7 4. e3 0-0 5. h3 c5 6. c3 Qb6 7. Qb3 d6 8. Nbd2 Nc6 9. Nc4 Qxb3 10. axb3 Be6 11. Nfd2 Bd5 12. Na5 Nxa5 13. Rxa5 b6 14. Ra3 cxd4 15. exd4 e5 16. dxe5 dxe5 17. Be3 Bc6 18. c4 Rfd8 19. f3 Bf8 20. Ra1 Bb4 21. Rd1 Rd6 22. Rc1 e4 23. f4 Nh5 24. g4 Nxf4 25. Bxf4 e3 26. Bxe3 Bxh1 0-1

[Event "WC-2014-P-00003"]
[Site "LSS email"]
[Date "2014.02.03"]
[Round "?"]
[White "Loktaev, Val"]
[Black "Neighbors, Teddy"]
[Result "1/2-1/2"]
[WhiteElo "1828"]
[BlackElo "1834"]
[PlyCount "56"]
[EventDate "2014.02.10"]
[EventType "tourn (corr)"]
[EventRounds "12"]
[EventCountry "GER"]
[SourceTitle "Corr 2022"]
[Source "ChessBase"]
[SourceDate "2021.10.24"]
[SourceVersion "1"]
[SourceVersionDate "2021.10.24"]
[SourceQuality "1"]

1. e4 e5 2. Nf3 Nc6 3. Bb5 Nf6 4. 0-0 Be7 5. d3 d6 6. h3 0-0 7. c3 a6 8. Ba4 h6 9. Re1 Be6 10. d4 Bd7 11. Bc2 Re8 12. d5 Na5 13. Nbd2 b5 14. b4 Nb7 15. a4 c5 16. Qe2 Qc7 17. Bd3 Nh5 18. Nb1 bxa4 19. Na3 cxb4 20. cxb4 Bf6 21. Bxa6 Nf4 22. Bxf4 exf4 23. Ra2 Rec8 24. Bb5 Bxb5 25. Qxb5 Qe7 26. Qe2 Bc3 27. Rb1 Qd8 28. Qb5 Qe7 1/2-1/2

[Event "WC-2014-P-00003"]
[Site "LSS email"]
[Date "2014.02.03"]
[Round "?"]
[White "Neighbors, Teddy"]
[Black "Cardoso, Sergio"]
[Result "0-1"]
[WhiteElo "1834"]
[BlackElo "2137"]
[PlyCount "110"]
[EventDate "2014.02.10"]
[EventType "tourn (corr)"]
[EventRounds "12"]
[EventCountry "GER"]
[SourceTitle "Corr 2022"]
[Source "ChessBase"]
[SourceDate "2021.10.24"]
[SourceVersion "1"]
[SourceVersionDate "2021.10.24"]
[SourceQuality "1"]

1. e4 c5 2. Nf3 d6 3. d4 cxd4 4. Nxd4 Nf6 5. Nc3 Nc6 6. h3 g6 7. Bc4 Bg7 8. Nf3 0-0 9. 0-0 b6 10. Qe2 Bb7 11. Bg5 h6 12. Bf4 Rc8 13. Rfe1 Na5 14. Bd3 Nd7 15. Rac1 h5 16. Na4 Nc6 17. Be3 Nb4 18. a3 Nxd3 19. cxd3 Ba6 20. b4 Ne5 21. Nxe5 Bxe5 22. Bh6 Re8 23. Qd2 Qd7 24. Nc3 Kh7 25. Be3 Bh8 26. d4 Rc4 27. Nd5 Rec8 28. Rxc4 Rxc4 29. Nc3 e6 30. Rc1 Bg7 31. f3 Bf6 32. Kh1 Kg8 33. Kh2 d5 34. e5 Be7 35. Qb2 Bb5 36. g4 h4 37. Kg2 Bc6 38. b5 Bb7 39. Qa2 a6 40. a4 axb5 41. axb5 Bc8 42. Qf2 Qa7 43. Bd2 Bd7 44. Rb1 Qa3 45. Qe3 Rb4 46. Qg1 Rxb1 47. Qxb1 Bb4 48. Qc2 Kg7 49. Kf2 Ba5 50. Qd3 Qb2 51. Ke2 Be8 52. Kd1 Qb3+ 53. Ke2 Qb2 54. Kd1 Bd7 55. Ke2 Qa1 0-1

[Event "WC-2014-P-00003"]
[Site "LSS email"]
[Date "2014.02.03"]
[Round "?"]
[White "Neighbors, Teddy"]
[Black "Stadler, Pavel"]
[Result "1-0"]
[WhiteElo "1834"]
[BlackElo "1359"]
[PlyCount "69"]
[EventDate "2014.02.10"]
[EventType "tourn (corr)"]
[EventRounds "12"]
[EventCountry "GER"]
[SourceTitle "Corr 2022"]
[Source "ChessBase"]
[SourceDate "2021.10.24"]
[SourceVersion "1"]
[SourceVersionDate "2021.10.24"]
[SourceQuality "1"]

1. c4 c5 2. Nc3 Nf6 3. Nf3 Nc6 4. e3 g6 5. d4 cxd4 6. exd4 d5 7. cxd5 Nxd5 8. Qb3 Nxc3 9. bxc3 Bg7 10. Bd3 0-0 11. 0-0 Qc7 12. Rb1 b6 13. Re1 Be6 14. Rxe6 Na5 15. Qd5 Rad8 16. Qe4 fxe6 17. Qxe6+ Kh8 18. Qh3 Qc8 19. Qh4 Kg8 20. Ng5 h6 21. Ne4 g5 22. Nxg5 Qxc3 23. Qe4 hxg5 24. Qh7+ Kf7 25. Bxg5 Qxd4 26. Re1 e5 27. Bf5 Rd7 28. Qh5+ Kg8 29. Bh7+ Kh8 30. Be3 Qd6 31. Bg6+ Bh6 32. Bxh6 Rg7 33. Bc2 Nc6 34. Rd1 Nd4 35. Rxd4 1-0

[Event "WC-2014-P-00003"]
[Site "LSS email"]
[Date "2014.02.03"]
[Round "?"]
[White "Rogachev, Vitalij"]
[Black "Neighbors, Teddy"]
[Result "1-0"]
[WhiteElo "2117"]
[BlackElo "1834"]
[PlyCount "71"]
[EventDate "2014.02.10"]
[EventType "tourn (corr)"]
[EventRounds "12"]
[EventCountry "GER"]
[SourceTitle "Corr 2022"]
[Source "ChessBase"]
[SourceDate "2021.10.24"]
[SourceVersion "1"]
[SourceVersionDate "2021.10.24"]
[SourceQuality "1"]

1. Nf3 Nf6 2. d4 g6 3. c4 Bg7 4. Nc3 0-0 5. e4 d6 6. Be2 c5 7. d5 Bg4 8. 0-0 Nbd7 9. h3 Bxf3 10. Bxf3 Qa5 11. Qc2 a6 12. a4 Ne8 13. Bd2 Rc8 14. Bg4 Nef6 15. Be2 Rce8 16. f4 Qc7 17. a5 Rb8 18. Bf3 Rfc8 19. Ra3 Ne8 20. Ne2 Bd4+ 21. Nxd4 cxd4 22. b3 e5 23. dxe6 fxe6 24. Bg4 Ng7 25. Qd3 Qc5 26. Raa1 Nf6 27. f5 Rf8 28. b4 Qc6 29. Rae1 Rbc8 30. fxg6 hxg6 31. e5 Nxg4 32. hxg4 dxe5 33. Qxg6 Qd7 34. Bg5 d3 35. Bf6 Rf7 36. Re3 1-0

[Event "WC-2014-P-00003"]
[Site "LSS email"]
[Date "2014.02.03"]
[Round "?"]
[White "Stadler, Pavel"]
[Black "Neighbors, Teddy"]
[Result "0-1"]
[WhiteElo "1359"]
[BlackElo "1834"]
[PlyCount "64"]
[EventDate "2014.02.10"]
[EventType "tourn (corr)"]
[EventRounds "12"]
[EventCountry "GER"]
[SourceTitle "Corr 2022"]
[Source "ChessBase"]
[SourceDate "2021.10.24"]
[SourceVersion "1"]
[SourceVersionDate "2021.10.24"]
[SourceQuality "1"]

1. e4 e5 2. Nf3 Nf6 3. Nc3 Nc6 4. Bb5 Bc5 5. d3 d6 6. h3 a6 7. Bc4 Be6 8. Bxe6 fxe6 9. 0-0 Qd7 10. Qe2 0-0-0 11. Be3 Bxe3 12. Qxe3 Rhg8 13. Rad1 g5 14. d4 exd4 15. Nxd4 g4 16. Nxc6 Qxc6 17. h4 Nd7 18. Rd2 Ne5 19. b3 Qe8 20. Ne2 Qh5 21. Qa7 Nf3+ 22. gxf3 gxf3+ 23. Ng3 Qxh4 24. Qa8+ Kd7 25. Qxb7 Rxg3+ 26. fxg3 Qxg3+ 27. Kh1 Qh3+ 28. Kg1 Rg8+ 29. Kf2 Rg2+ 30. Ke1 Qg3+ 31. Kd1 Rxd2+ 32. Kxd2 Qg2+ 0-1

[Event "CP-2013-P-00020"]
[Site "LSS email"]
[Date "2013.09.30"]
[Round "?"]
[White "Neighbors, Teddy"]
[Black "Fages, Jorge Juan"]
[Result "0-1"]
[WhiteElo "1847"]
[BlackElo "2270"]
[PlyCount "70"]
[EventDate "2013.10.01"]
[EventType "tourn (corr)"]
[EventRounds "6"]
[EventCountry "GER"]
[SourceTitle "Corr 2022"]
[Source "ChessBase"]
[SourceDate "2021.10.24"]
[SourceVersion "1"]
[SourceVersionDate "2021.10.24"]
[SourceQuality "1"]

1. e4 c5 2. Nf3 d6 3. d4 cxd4 4. Nxd4 Nf6 5. Nc3 a6 6. Bc4 e6 7. 0-0 b5 8. Bb3 Be7 9. f3 0-0 10. Be3 Bb7 11. Bxe6 fxe6 12. Nxe6 Qc8 13. Nxf8 Bxf8 14. a4 b4 15. Ne2 d5 16. e5 Qe6 17. f4 Nc6 18. Nd4 Qe8 19. Nf3 d4 20. Bxd4 Nxd4 21. Nxd4 Bc5 22. c3 Ne4 23. Kh1 Qd7 24. Qb3+ Bd5 25. Qc2 bxc3 26. e6 Qc8 27. Rad1 cxb2 28. Qxb2 Rb8 29. Qc2 Qe8 30. Rfe1 Qg6 31. f5 Qg4 32. e7 Qh4 33. Rxe4 Qxe4 34. Qxe4 Bxe4 35. Nc6 Re8 0-1

[Event "CP-2013-P-00020"]
[Site "LSS email"]
[Date "2013.09.30"]
[Round "?"]
[White "Neighbors, Teddy"]
[Black "Lonyuk, Bohdan"]
[Result "1-0"]
[WhiteElo "1847"]
[BlackElo "1256"]
[PlyCount "51"]
[EventDate "2013.10.01"]
[EventType "tourn (corr)"]
[EventRounds "6"]
[EventCountry "GER"]
[SourceTitle "Corr 2022"]
[Source "ChessBase"]
[SourceDate "2021.10.24"]
[SourceVersion "1"]
[SourceVersionDate "2021.10.24"]
[SourceQuality "1"]

1. e4 e5 2. Nf3 Nc6 3. Bb5 Nf6 4. 0-0 Nxe4 5. d4 a6 6. Bxc6 dxc6 7. Re1 Nf6 8. Nbd2 Bf5 9. Nxe5 Be7 10. Nb3 0-0 11. Na5 Rb8 12. Naxc6 bxc6 13. Nxc6 Qd7 14. Nxe7+ Kh8 15. Nxf5 Qxf5 16. c4 Ne4 17. Qf3 Qxf3 18. gxf3 Nd6 19. b3 Nf5 20. d5 Nd4 21. Re4 Nc2 22. Rb1 Rfe8 23. Bf4 f5 24. Rxe8+ Rxe8 25. Bxc7 Rc8 26. d6 1-0

[Event "OP-2012-0-02548"]
[Site "LSS email"]
[Date "2012.12.18"]
[Round "?"]
[White "Vontina, Maria"]
[Black "Neighbors, Teddy"]
[Result "0-1"]
[WhiteElo "772"]
[BlackElo "1821"]
[PlyCount "36"]
[EventDate "2012.12.16"]
[EventType "tourn (corr)"]
[EventRounds "4"]
[EventCountry "GER"]
[SourceTitle "Corr 2015"]
[Source "ChessBase"]
[SourceDate "2015.07.17"]
[SourceVersion "1"]
[SourceVersionDate "2015.07.17"]
[SourceQuality "1"]

1. e4 c5 2. Nf3 d6 3. d4 cxd4 4. Nxd4 Nf6 5. Nc3 g6 6. Be3 Bg7 7. f3 Nc6 8. Qd2 0-0 9. g4 Be6 10. Nxe6 fxe6 11. 0-0-0 Ne5 12. Be2 Rc8 13. h4 Qa5 14. Kb1 Nfd7 15. Rdf1 Nc4 16. Bxc4 Rxc4 17. h5 Bxc3 18. bxc3 Ra4 0-1

[Event "WC-2012-F-00005"]
[Site "LSS email"]
[Date "2012.07.17"]
[Round "?"]
[White "Mujica, Hector"]
[Black "Neighbors, Teddy"]
[Result "0-1"]
[WhiteElo "1882"]
[BlackElo "1808"]
[PlyCount "130"]
[EventDate "2012.07.23"]
[EventType "tourn (corr)"]
[EventRounds "10"]
[EventCountry "GER"]
[SourceTitle "Corr 2022"]
[Source "ChessBase"]
[SourceDate "2021.10.24"]
[SourceVersion "1"]
[SourceVersionDate "2021.10.24"]
[SourceQuality "1"]

1. d4 Nf6 2. c4 g6 3. Nc3 Bg7 4. e4 0-0 5. Nf3 d6 6. Be2 e5 7. d5 a5 8. Bg5 h6 9. Bh4 Na6 10. Nd2 Bd7 11. 0-0 Qe8 12. b3 Qb8 13. a3 Qa7 14. Qc2 Qb6 15. Na4 Bxa4 16. bxa4 Nc5 17. Rab1 Qa7 18. Rb5 c6 19. Rb2 Rab8 20. h3 Rbc8 21. Rfb1 Rfe8 22. Kh2 Nfd7 23. f3 h5 24. Bf2 Qa6 25. Nf1 Bh6 26. Ne3 Bf4+ 27. Kh1 Rcd8 28. Nd1 Bg5 29. h4 Bh6 30. Nc3 Rc8 31. Qd1 Rcd8 32. g3 Qa8 33. Bf1 Qa6 34. Kg1 Kh7 35. Bh3 Qxc4 36. Rc2 Qa6 37. Bf1 Qa8 38. Bc4 Qc8 39. dxc6 bxc6 40. Bxf7 Rf8 41. Bc4 Rf6 42. Be2 Rdf8 43. Rcb2 Qe8 44. Kh1 g5 45. hxg5 Bxg5 46. Qf1 Qf7 47. Rc2 h4 48. Qh3 Rh6 49. gxh4 Qe7 50. h5 Nf6 51. f4 Nxh5 52. Bxh5 Bxf4 53. Bxc5 Qg5 54. Rb7+ Kh8 55. Rg2 Qxh5 56. Qxh5 Rxh5+ 57. Kg1 dxc5 58. Nd1 c4 59. Rg6 Rh3 60. Rxc6 Rg3+ 61. Kf2 Rd8 62. Rb1 Rd2+ 63. Kf1 Rb3 64. Nc3 Rxb1+ 65. Nxb1 Rd1+ 0-1

[Event "OP-2012-0-02268"]
[Site "LSS email"]
[Date "2012.06.28"]
[Round "?"]
[White "Lauer, Fredric"]
[Black "Neighbors, Teddy"]
[Result "0-1"]
[WhiteElo "1005"]
[BlackElo "1808"]
[PlyCount "48"]
[EventDate "2012.06.24"]
[EventType "tourn (corr)"]
[EventRounds "4"]
[EventCountry "GER"]
[SourceTitle "Telechess CBM 165"]
[Source "ChessBase"]
[SourceDate "2015.03.11"]
[SourceVersion "1"]
[SourceVersionDate "2015.03.11"]
[SourceQuality "1"]

1. e4 c5 2. c3 Nf6 3. e5 Nd5 4. g3 d6 5. exd6 Qxd6 6. Bg2 Nc6 7. Ne2 g6 8. d4 cxd4 9. Nxd4 Bg7 10. Nxc6 Qe6+ 11. Qe2 Qxe2+ 12. Kxe2 bxc6 13. Nd2 Ba6+ 14. Kd1 0-0 15. Kc2 Rab8 16. Nb3 Bc8 17. Re1 Rd8 18. Be3 Bf5+ 19. Kc1 Nxe3 20. Rxe3 e5 21. f4 exf4 22. gxf4 Bh6 23. Rf3 Re8 24. Kd2 Rbd8+ 0-1

[Event "WC-2014-S-00013"]
[Site "LSS email"]
[Date "2011.07.16"]
[Round "?"]
[White "Neighbors, Teddy"]
[Black "Podvoysky, Evgeny Borisovich"]
[Result "0-1"]
[WhiteElo "1820"]
[BlackElo "2210"]
[PlyCount "58"]
[EventDate "2011.07.22"]
[EventType "tourn (corr)"]
[EventRounds "6"]
[EventCountry "GER"]
[SourceTitle "Telechess CBM 165"]
[Source "ChessBase"]
[SourceDate "2015.03.11"]
[SourceVersion "1"]
[SourceVersionDate "2015.03.11"]
[SourceQuality "1"]

1. e4 e5 2. Nf3 Nc6 3. Bb5 a6 4. Bxc6 dxc6 5. 0-0 Be7 6. d3 f6 7. Be3 Bg4 8. Nbd2 Qd7 9. h3 Bh5 10. a3 g5 11. Qe2 0-0-0 12. Rfd1 Kb8 13. b4 Nh6 14. Rdb1 Rhg8 15. a4 b6 16. a5 b5 17. Nf1 f5 18. exf5 Bxf3 19. Qxf3 Nxf5 20. Qh5 Rdf8 21. Rb2 g4 22. hxg4 Nh4 23. Nh2 Qd5 24. f3 Bg5 25. Bc5 Rf6 26. Qxh7 Ng6 27. Re1 Qe6 28. Ba7+ Kb7 29. Bf2 Rh8 0-1

[Event "OP-2011-0-01366"]
[Site "LSS email"]
[Date "2011.01.07"]
[Round "?"]
[White "Lombardi, Donato"]
[Black "Neighbors, Teddy"]
[Result "0-1"]
[WhiteElo "903"]
[BlackElo "1806"]
[PlyCount "47"]
[EventDate "2011.01.02"]
[EventType "tourn (corr)"]
[EventRounds "4"]
[EventCountry "GER"]
[SourceTitle "Telechess CBM 145"]
[Source "Chessbase"]
[SourceDate "2011.11.11"]
[SourceVersion "1"]
[SourceVersionDate "2011.11.11"]
[SourceQuality "1"]

1. e4 c5 2. Nf3 d6 3. d4 cxd4 4. Nxd4 Nf6 5. Nc3 g6 6. Be3 Bg7 7. Bd3 0-0 8. 0-0 Ng4 9. Qd2 Nxe3 10. Qxe3 Qb6 11. Nb3 Qxe3 12. fxe3 Bxc3 13. bxc3 Nd7 14. Nd4 Ne5 15. Rab1 b6 16. h3 Bd7 17. a3 Rac8 18. c4 Nxc4 19. Bxc4 Rxc4 20. Rb4 Rc3 21. Re1 Rxa3 22. c4 Rc8 23. Nb5 a5 24. Rb2 0-1

[Event "OP-2011-0-01366"]
[Site "LSS email"]
[Date "2011.01.07"]
[Round "?"]
[White "Neighbors, Teddy"]
[Black "Bester, Kazimierz"]
[Result "1-0"]
[WhiteElo "1806"]
[BlackElo "786"]
[PlyCount "39"]
[EventDate "2011.01.02"]
[EventType "tourn (corr)"]
[EventRounds "4"]
[EventCountry "GER"]
[SourceTitle "Telechess CBM 145"]
[Source "Chessbase"]
[SourceDate "2011.11.11"]
[SourceVersion "1"]
[SourceVersionDate "2011.11.11"]
[SourceQuality "1"]

1. e4 d5 2. exd5 Qxd5 3. Nc3 Qa5 4. d4 Nf6 5. Nf3 Bg4 6. h3 Bh5 7. g4 Bg6 8. Ne5 Be4 9. Nc4 Qa6 10. Nxe4 Nxe4 11. Qf3 Qe6 12. Qe2 Nc6 13. d5 Qxd5 14. Bg2 Qc5 15. Bxe4 0-0-0 16. c3 e6 17. Be3 Qe7 18. Bxc6 bxc6 19. Ne5 Qd6 20. Qa6+ 1-0

[Event "OP-2011-0-01366"]
[Site "LSS email"]
[Date "2011.01.07"]
[Round "?"]
[White "Neighbors, Teddy"]
[Black "Lauer, Fredric"]
[Result "1-0"]
[WhiteElo "1806"]
[BlackElo "919"]
[PlyCount "37"]
[EventDate "2011.01.02"]
[EventType "tourn (corr)"]
[EventRounds "4"]
[EventCountry "GER"]
[SourceTitle "Telechess CBM 145"]
[Source "Chessbase"]
[SourceDate "2011.11.11"]
[SourceVersion "1"]
[SourceVersionDate "2011.11.11"]
[SourceQuality "1"]

1. e4 c5 2. Nf3 Nf6 3. e5 Nd5 4. Nc3 e6 5. Nxd5 exd5 6. d4 Nc6 7. dxc5 Bxc5 8. Bd3 Nd4 9. Nxd4 Bxd4 10. 0-0 Qb6 11. Qe2 0-0 12. c3 Bc5 13. a4 a5 14. Qh5 g6 15. Qh4 d6 16. b4 axb4 17. a5 Rxa5 18. Bh6 Rxa1 19. Qf6 1-0

[Event "OP-2010-0-01211"]
[Site "LSS email"]
[Date "2010.07.22"]
[Round "?"]
[White "Lebduska, Daniel"]
[Black "Neighbors, Teddy"]
[Result "0-1"]
[WhiteElo "560"]
[BlackElo "1810"]
[PlyCount "62"]
[EventDate "2010.07.15"]
[EventType "tourn (corr)"]
[EventRounds "4"]
[EventCountry "GER"]
[SourceTitle "Telechess CBM 143"]
[Source "ChessBase"]
[SourceDate "2011.07.15"]
[SourceVersion "1"]
[SourceVersionDate "2011.07.15"]
[SourceQuality "1"]

1. e4 c5 2. Bc4 e6 3. Nf3 Nc6 4. 0-0 a6 5. d3 d5 6. exd5 exd5 7. Bb3 Be7 8. Nc3 Nf6 9. Bg5 Be6 10. Re1 0-0 11. h3 Na5 12. Ne2 c4 13. dxc4 dxc4 14. Qxd8 Raxd8 15. Bxc4 Bxc4 16. Nf4 Nc6 17. Ne5 Nxe5 18. Rxe5 Bd6 19. Bxf6 gxf6 20. Re4 b5 21. Nh5 Be5 22. c3 Rd2 23. b3 Bd3 24. Rg4+ Bg6 25. f4 Bxc3 26. Rf1 f5 27. Rg5 Bd4+ 28. Kh1 h6 29. Rg3 Kh7 30. Rxg6 fxg6 31. Ng3 Bf2 0-1

[Event "IECG TG-2009-0-15952"]
[Site "IECG email"]
[Date "2009.07.29"]
[Round "1"]
[White "Neighbors, Teddy"]
[Black "Ng, Willy"]
[Result "1-0"]
[WhiteElo "1802"]
[BlackElo "1480"]
[PlyCount "51"]
[EventDate "2009.07.29"]
[EventType "tourn (corr)"]
[EventRounds "6"]
[SourceTitle "Corr 2024"]
[Source "ChessBase"]
[SourceDate "2023.10.19"]
[SourceVersion "1"]
[SourceVersionDate "2023.10.19"]
[SourceQuality "1"]

1. e4 g6 2. d4 Bg7 3. Nc3 d6 4. f4 a6 5. Nf3 b5 6. Bd3 Nd7 7. e5 c5 8. Be4 Rb8 9. Ng5 dxe5 10. dxe5 e6 11. Bc6 Ne7 12. Bf3 0-0 13. h4 h6 14. Nge4 Nf5 15. h5 Bb7 16. Nf2 Ng3 17. Rh3 Bxf3 18. Qxf3 Nf5 19. Nce4 Qb6 20. c3 c4 21. g4 Ne7 22. Be3 Qc7 23. g5 Nf5 24. Qh1 Nxe3 25. Rxe3 Rfd8 26. gxh6 1-0

[Event "IECG TG-2009-0-15952"]
[Site "IECG email"]
[Date "2009.07.29"]
[Round "2"]
[White "Ng, Willy"]
[Black "Neighbors, Teddy"]
[Result "0-1"]
[WhiteElo "1480"]
[BlackElo "1802"]
[PlyCount "48"]
[EventDate "2009.07.29"]
[EventType "tourn (corr)"]
[EventRounds "6"]
[SourceTitle "Corr 2024"]
[Source "ChessBase"]
[SourceDate "2023.10.19"]
[SourceVersion "1"]
[SourceVersionDate "2023.10.19"]
[SourceQuality "1"]

1. e4 e5 2. Nf3 Nc6 3. Bc4 Nf6 4. 0-0 Nxe4 5. Nc3 Nxc3 6. dxc3 d6 7. Ng5 Be6 8. Bxe6 fxe6 9. Nxe6 Qd7 10. Nxf8 Qf5 11. Be3 Rxf8 12. Qd5 0-0-0 13. Rac1 h5 14. a4 h4 15. f4 Qg6 16. Rf2 h3 17. g3 exf4 18. Bxf4 Ne5 19. Re1 Rde8 20. Kh1 Nd3 21. Rxe8+ Rxe8 22. Rf1 Nxb2 23. Bc1 Qxc2 24. Bxb2 Qf2 0-1

[Event "IECG CB.2008.0.00183 email"]
[Site "IECG email"]
[Date "2008.07.07"]
[Round "?"]
[White "Neighbors, Teddy"]
[Black "Llorente, Jose Luis"]
[Result "1/2-1/2"]
[WhiteElo "1809"]
[BlackElo "1907"]
[PlyCount "66"]
[EventDate "2008.07.07"]
[EventType "tourn (corr)"]
[EventRounds "6"]
[SourceTitle "Corr 2024"]
[Source "ChessBase"]
[SourceDate "2023.10.19"]
[SourceVersion "1"]
[SourceVersionDate "2023.10.19"]
[SourceQuality "1"]

1. Nf3 Nf6 2. g3 g6 3. Bg2 Bg7 4. 0-0 0-0 5. d4 d6 6. c4 Nbd7 7. Nc3 e5 8. e4 exd4 9. Nxd4 Re8 10. h3 a6 11. Be3 Ne5 12. Qe2 c5 13. Nf3 Nxf3+ 14. Qxf3 Nd7 15. Rfd1 Ne5 16. Qe2 Be6 17. Bxc5 Nxc4 18. Bd4 Bxd4 19. Rxd4 Rc8 20. b3 Ne5 21. Nd5 Nc6 22. Rdd1 Bxd5 23. Rxd5 Re5 24. Rd2 Qc7 25. Qd3 Rd8 26. Rad1 Rc5 27. Qe3 Ne5 28. Kh2 f6 29. Rd5 Nf7 30. a3 Kg7 31. b4 Rc3 32. R5d3 Rc8 33. Qa7 Rc2 1/2-1/2

[Event "IECG CB.2008.0.00183 email"]
[Site "IECG email"]
[Date "2008.07.07"]
[Round "?"]
[White "Neighbors, Teddy"]
[Black "Perez, Giorgio"]
[Result "1/2-1/2"]
[WhiteElo "1809"]
[BlackElo "1838"]
[PlyCount "45"]
[EventDate "2008.07.07"]
[EventType "tourn (corr)"]
[EventRounds "6"]
[SourceTitle "Corr 2024"]
[Source "ChessBase"]
[SourceDate "2023.10.19"]
[SourceVersion "1"]
[SourceVersionDate "2023.10.19"]
[SourceQuality "1"]

1. c4 c6 2. Nf3 d5 3. e3 Nf6 4. Nc3 a6 5. b3 Bg4 6. Be2 e6 7. h3 Bh5 8. Bb2 Bd6 9. 0-0 Nbd7 10. Nd4 Bg6 11. Nf3 Nc5 12. d4 Nce4 13. Ne5 Nxc3 14. Bxc3 Ne4 15. Be1 Qg5 16. f4 Qe7 17. Bd3 f6 18. Nxg6 hxg6 19. Bxe4 dxe4 20. c5 Bc7 21. b4 Kf7 22. a4 f5 23. Bg3 1/2-1/2